Aventuras de D. Quijote / (Registro nro. 3352)

Detalles MARC
000 -LEADER
fixed length control field 00946nam a2200241Ia 4500
003 - CONTROL NUMBER IDENTIFIER
control field OSt
005 - DATE AND TIME OF LATEST TRANSACTION
control field 20200312160245.0
008 - FIXED-LENGTH DATA ELEMENTS--GENERAL INFORMATION
fixed length control field 191128s1980 sp a br 000 j spa d
020 ## - INTERNATIONAL STANDARD BOOK NUMBER
International Standard Book Number 8475140289
040 ## - CATALOGING SOURCE
Original cataloging agency CO-JMCR
Transcribing agency CO-JMCR
041 0# - LANGUAGE CODE
Language code of text/sound track or separate title spa
082 04 - DEWEY DECIMAL CLASSIFICATION NUMBER
Classification number C /
Edition number CERa
100 1# - MAIN ENTRY--PERSONAL NAME
Personal name Cervantes Saavedra, Miguel de,
Relator term autor
9 (RLIN) 1492
245 10 - TITLE STATEMENT
Title Aventuras de D. Quijote /
Statement of responsibility, etc. Miguel de Cervantes
260 ## - PUBLICATION, DISTRIBUTION, ETC.
Place of publication, distribution, etc. Madrid :
Name of publisher, distributor, etc. Europa Ediexport,
Date of publication, distribution, etc. 1980
300 ## - PHYSICAL DESCRIPTION
Extent [30] páginas sin numerar :
Other physical details ilustraciones a color ;
Dimensions 25 cm.
490 0# - SERIES STATEMENT
Series statement Lecturas
520 ## - SUMMARY, ETC.
Summary, etc. El Ingenioso Hidalgo Don Quijote de la Mancha (Miguel de Cervantes Saavedra, 1605) es la obra literaria más universal y valorada de todos los tiempos escrita en castellano. Considerada la primera novela moderna.
650 14 - SUBJECT ADDED ENTRY--TOPICAL TERM
Topical term or geographic name entry element Cuentos infantiles españoles
9 (RLIN) 1198
650 14 - SUBJECT ADDED ENTRY--TOPICAL TERM
Topical term or geographic name entry element Literatura infantil española
9 (RLIN) 1493
650 14 - SUBJECT ADDED ENTRY--TOPICAL TERM
Topical term or geographic name entry element Aventuras en la literatura
9 (RLIN) 1221
942 ## - ADDED ENTRY ELEMENTS (KOHA)
Source of classification or shelving scheme Dewey Decimal Classification
Koha item type Books
Existencias
Withdrawn status Lost status Source of classification or shelving scheme Damaged status Not for loan Home library Current library Date acquired Source of acquisition Cost, normal purchase price Total Checkouts Full call number Barcode Date last seen Date last checked out Copy number Koha item type
    Dewey Decimal Classification     Biblioteca Pública José María del Castillo y Rada Biblioteca Pública José María del Castillo y Rada 01/15/2018 Donación 0.00 5 C / CERa 201807002 01/28/2026 01/28/2026 Ej.1 Books